Pacific Rim : area of change, area of opportunity

محفوظ في:
التفاصيل البيبلوغرافية
المؤلف الرئيسي: Aikman, David
التنسيق: كتاب
اللغة:Undetermined
منشور في: Boston Little, Brown 1986
الموضوعات:
الوسوم: إضافة وسم
لا توجد وسوم, كن أول من يضع وسما على هذه التسجيلة!
Thư viện lưu trữ: Trung tâm Học liệu Trường Đại học Cần Thơ
LEADER 00663nam a2200217Ia 4500
001 CTU_89356
008 210402s9999 xx 000 0 und d
082 |a 959 
082 |b A291 
100 |a Aikman, David 
245 0 |a Pacific Rim : 
245 0 |b area of change, area of opportunity 
245 0 |c David Aikman. 
260 |a Boston 
260 |b Little, Brown 
260 |c 1986 
650 |a East asia,East asia,Asia, southeastern,Asia, southeastern 
650 |x Politics and government,Economic conditions,Politics and government,Economic conditions 
650 |y 1945- 
904 |i Năm 
980 |a Trung tâm Học liệu Trường Đại học Cần Thơ